| 000 | 00798nam a2200277 a 4500 | ||
|---|---|---|---|
| 001 | 76492 | ||
| 003 | BD-RjUL | ||
| 005 | 20211209082842.0 | ||
| 008 | 191211s1974 nyu 001 1 eng | ||
| 020 | _a003089221X | ||
| 035 | _a(BD-RjUL)76714 | ||
| 040 |
_aDLC _cDLC _dDLC _beng |
||
| 041 | _aeng | ||
| 082 | 0 | 0 |
_a808.831 _bDIA 1974 |
| 100 | 1 |
_aDietrich, R. F., _9236331 |
|
| 245 | 1 | 4 |
_aThe art of fiction : _ba handbook and anthology / _cR. F. Dietrich [and] Roger H. Sundell. |
| 250 | _a2d ed. | ||
| 260 |
_aNew York : _bHolt, Rinehart and Winston, _c1974 |
||
| 300 |
_ax, 534 p.; _c23 cm. |
||
| 650 | 0 |
_aShort stories. _9236332 |
|
| 650 | 0 |
_aShort story. _9236333 |
|
| 700 | 1 |
_aSundell, Roger H., _9236334 |
|
| 942 |
_2ddc _cBK |
||
| 999 |
_c76492 _d76492 |
||